Iberoamérica : (Record no. 70)

000 -CABECERA
fixed length control field 01086nam a22002297a 4500
003 - IDENTIFICADOR DEL NÚMERO DE CONTROL
control field AR-CdUCM
008 - DATOS DE LONGITUD FIJA--INFORMACIÓN GENERAL
fixed length control field 190221b ||||| |||| 00| 0 spa d
040 ## - FUENTE DE LA CATALOGACIÓN
Agencia/entidad que catalogó originalmente la obra MUNICIPALIDAD PROVINCIAL DEL CUSCO
Entidad que transcribió la catalogación BIBLIOTECA MUNICIPAL DEL CUSCO
082 ## - NÚMERO DE LA CLASIFICACIÓN DECIMAL DEWEY
No. de Clasificación 980 /
Notacion interna G18
100 ## - ENTRADA PRINCIPAL--NOMBRE DE PERSONA
Nombre Personal Galíndez, Jesús
245 ## - MENCIÓN DE TÍTULO
Título Iberoamérica :
Resto del título su evolución política, socio-económica, cultural e internacional /
260 ## - PUBLICACIÓN, DISTRIBUCIÓN, ETC.
Lugar de publicación, distribución, etc. New York :
Nombre de la editorial, distribuidor, etc. Las Americas Publishing Co,
Fecha de publicación, distribución, etc. 1954.
300 ## - DESCRIPCIÓN FÍSICA
Nº de Páginas Extensión XV ; 620 páginas ;
Otros detalles físicos ilustraciones, mapa,
Dimensiones 24 cm.
505 ## - NOTA DE CONTENIDO CON FORMATO
Nota de contenido formateada Contenido: Geografía física y humana de Iberoamerica -- Culturas indígenas primitivas -- El descubrimiento del nuevo mundo, y la esclavitud de sus indígenas -- Descubridores, conquistadores y colonos españoles. Su pugna con las autoridades reales -- Organzacon de la colonia bajo la monarquia española.
650 ## - PUNTO DE ACCESO ADICIONAL DE MATERIA--TÉRMINO DE MATERIA
Descriptor Historia-Colonia
9 (RLIN) 340
650 ## - PUNTO DE ACCESO ADICIONAL DE MATERIA--TÉRMINO DE MATERIA
Descriptor América pre-hispanica
9 (RLIN) 341
650 ## - PUNTO DE ACCESO ADICIONAL DE MATERIA--TÉRMINO DE MATERIA
Descriptor América independiente
9 (RLIN) 342
650 ## - PUNTO DE ACCESO ADICIONAL DE MATERIA--TÉRMINO DE MATERIA
Descriptor Conflictos sociales
9 (RLIN) 343
700 ## - PUNTO DE ACCESO ADICIONAL--NOMBRE DE PERSONA
Nombre Personal Galíndez, Jesús
9 (RLIN) 339
942 ## - ELEMENTOS DE PUNTO DE ACCESO ADICIONAL (KOHA)
Fuente de clasificación
Tipo de item Libros-BMC
945 ## - PROCESAMIENTO DE INFORMACIÓN LOCAL (OCLC)
Catalogador zta
Holdings
Estado de retiro (separado) Fuente de clasificación o esquema de estanterías Estado dañado Ubicación Sala donde se ubica Nombre de la colección Fecha de adquisición o compra Costo, precio normal en soles Signatura topográfica Código de Barras Última vez visto (Koha) Tipo de ítem (Koha)
No     Sala Humanidades Sala Humanidades Book Cart 2019-02-21 20.00 980 / G18 SH0000000006 2019-02-21 Libros-BMC

Powered by Koha